00541nam a22001697a 450000500170000001000150001702000240003203500140005603700090007008200110007910000230009024501050011325000080021826000520022627000720027830000210035020250401130542.0 aENG-144367 a9788119337507c800p aEN-127899 bDBAD a658.84 aDevasena S. Valli  aDiscover ,Discuss and Develop Research Article : A Research Workshop cDr.S.Vallidevasena hEnglish  a1st aTamil Nadu , India bShanlax Publicationsc2024 a61,66 T.P.K main Road, VAsantha Nagar, MaduraibTamil Nadu e625003 a262.pc25 cm.pbk